Imperialismo y cultura de la violencia en América Latina

Spremljeno u:
Bibliografski detalji
Glavni autor: Ianni, Octavio (Autor)
Format: Knjiga
Jezik:španjolski
Izdano: Ciudad de México Siglo Veintiuno 1971
Izdanje:2a. ed
Serija:El Mundo del Hombre. Sociología y Política
Teme:
Oznake: Dodaj oznaku
Bez oznaka, Budi prvi tko označuje ovaj zapis!

MARC

LEADER 00000nam a2200000 a 4500
001 UCL2362
003 CL-VaPUC
008 031017e19710000MX |||||||||||||||||spa|d
082 0 4 |a 325.32  |b IAN  |2 21 
100 |a Ianni, Octavio  |e author  |9 556380 
245 1 0 |a Imperialismo y cultura de la violencia en América Latina 
250 |a 2a. ed 
300 |a 126 p 
942 |c BK 
945 |d 20031017 00:00:00  |a cmena 
260 |a Ciudad de México  |b Siglo Veintiuno  |c 1971 
650 0 |a Imperialismo  |9 258264 
650 0 |a Violencia política   |9 321520 
650 7 |a DEPENDENCIA ESTRUCTURAL  |2 CL-VaPUC  |9 321521 
650 7 |a MILITARISMO  |2 CL-VaPUC  |9 321522 
650 0 |a Poder político  |9 255509 
651 0 |a Estados Unidos  |9 255178 
651 0 |a América Latina   |9 255027 
583 |a last modification  |c 20031017 00:00:00  |k Rodrigo Vera 
490 0 |a El Mundo del Hombre. Sociología y Política 
999 |c 305701  |d 305699 
952 |0 0  |1 0  |4 0  |6 325_320000000000000_IAN_1971  |7 0  |8 A  |9 369966  |a BIBHIS  |b BIBHIS  |d 2019-11-21  |i 3951731  |o 325.32 IAN 1971  |p 3951731  |r 2025-01-20  |w 2019-11-21  |y BK  |k HIS